Význam služieb pre konkurencieschopnosť Európskej únie diplomová práca

Guardado en:
Detalles Bibliográficos
Autor principal: Brehovská, Denisa
Autor Corporativo: Obchodná fakulta EU. Katedra medzinárodného obchodu
Otros Autores: Krajčíková, Andrea
Formato: Libro
Lenguaje:eslovaco
Publicado: Bratislava 2018
Etiquetas: Agregar Etiqueta
Sin Etiquetas, Sea el primero en etiquetar este registro!

MARC

LEADER 00000nbm a2200000 4500
001 0243345
005 20181003112046.4
041 0 |a slo 
044 |a SK 
245 1 0 |a Význam služieb pre konkurencieschopnosť Európskej únie  |b diplomová práca  |c Denisa Brehovská ; školiteľ: Andrea Krajčíková 
264 1 |a Bratislava  |c 2018 
300 |a 87 s. 
100 1 |a Brehovská, Denisa 
700 1 |a Krajčíková, Andrea 
710 2 |a Obchodná fakulta EU. Katedra medzinárodného obchodu